Southville International School and Colleges
Your cart is empty.
  • Cart
  • Lists
    Public lists Eva Luna New books Lux_list list_1
    Your lists Log in to create your own lists
  • Log in to your account
  • Your cookies
  • Search history
Southville International School and Colleges
  • Advanced search
  • Recent comments
  • Most popular
  • Libraries

Log in to your account

Log in with GOOGLE


If you do not have an external account, but do have a local account, you can still log in:

  1. Home
  2. MARC view: Noisy Breakfast /
Normal view MARC view ISBD view

Noisy Breakfast / (Record no. 42864)

[ view plain ]
MARC details
000 -LEADER
fixed length control field 00564nam a2200217Ia 4500
005 - DATE AND TIME OF LATEST TRANSACTION
control field 20140402075139.0
008 - FIXED-LENGTH DATA ELEMENTS--GENERAL INFORMATION
fixed length control field 140306s9999 xx 000 0 und d
020 ## - INTERNATIONAL STANDARD BOOK NUMBER
International Standard Book Number 9.7805902756e+012
050 ## - LIBRARY OF CONGRESS CALL NUMBER
Classification number PZ 7
Item number .B654No 1994
100 ## - MAIN ENTRY--PERSONAL NAME
Personal name Blonder, Ellen
245 ## - TITLE STATEMENT
Title Noisy Breakfast /
Statement of responsibility, etc Ellen Blonder
260 ## - PUBLICATION, DISTRIBUTION, ETC. (IMPRINT)
Place of publication, distribution, etc USA :
Name of publisher, distributor, etc Scholastic Inc,
Date of publication, distribution, etc c1994.
300 ## - PHYSICAL DESCRIPTION
Extent 16 p. :
Other physical details col. Ill. ;
Dimensions 18 cm.
521 ## - TARGET AUDIENCE NOTE
Target audience note
526 ## - STUDY PROGRAM INFORMATION NOTE
Reading level BR
650 ## - SUBJECT ADDED ENTRY--TOPICAL TERM
Topical term or geographic name as entry element Breakfasts
General subdivision Fiction.
650 ## - SUBJECT ADDED ENTRY--TOPICAL TERM
Topical term or geographic name as entry element Noise
General subdivision Fiction.
650 ## - SUBJECT ADDED ENTRY--TOPICAL TERM
Topical term or geographic name as entry element Oversize books.
942 ## - ADDED ENTRY ELEMENTS (KOHA)
Koha item type Books
Source of classification or shelving scheme Library of Congress Classification
Holdings
Withdrawn status Lost status Damaged status Home library Current library Shelving location Date acquired Total Checkouts Full call number Barcode Date last seen Price effective from Koha item type
      Munich Library Munich Library Scholastic Reading Center Section 03/07/2014   PZ 7 .B654No 1994 MS1287 03/07/2014 03/07/2014 Books

Noisy Breakfast /

APA

Blonder E., . (1994). Noisy Breakfast. USA: Scholastic Inc.

Chicago

Blonder Ellen, . 1994. Noisy Breakfast. USA: Scholastic Inc.

Harvard

Blonder E., . (1994). Noisy Breakfast. USA: Scholastic Inc.

MLA

Blonder Ellen, . Noisy Breakfast. USA: Scholastic Inc. 1994.

  • Place hold
  • Print
  • Cite
  • Add to your cart (remove)
  • Save record
    BIBTEX Dublin Core MARCXML MARC (non-Unicode/MARC-8) MARC (Unicode/UTF-8) MARC (Unicode/UTF-8, Standard) MODS (XML) RIS
  • More searches
    Search for this title in:
    Other Libraries (WorldCat) Other Databases (Google Scholar) Online Stores (Bookfinder.com) Open Library (openlibrary.org)

Exporting to Dublin Core...

SOUTHVILLE LIBRARY

Southville International School and Colleges Library

1281 Tropical Ave. Cor. Luxembourg St., BF Homes International, Las Pinas City

Tel. No. 8256374 / 252358 Loc. 117/146

Powered by Koha